000 00317nam a22001217a 4500
008 160419b xxu||||| |||| 00| 0 eng d
020 _a9780130455291
020 _a78013455291
041 _aeng
080 _a618.6
245 _aFundamentals of Nursing:
_cBarbara Kozier' Glenora Erb ' Audrey Berman'
942 _2udc
_cBK
999 _c1436
_d1436